000
00336nam a22001457a 4500
008
211019b ||||| |||| 00| 0 eng d
020
_a
9780805390551
041
_a
eng
080
_a
004
082
_a
004
100
_a
28
101
_a
SHKI
245
_a
Data Structures and Algorithm Analysis in Ada
_c
Weiss,M.A
942
_2
udc
_c
BK
999
_c
58292
_d
58292